000 00654nam a2200253Ia 4500
008 210210b2017 xxu||||| |||| 00| 0 eng d
020 _a9788193376140
041 _aeng
082 _a305.54162 PERE
100 _aPEREIRA (Melvil)
245 _aExploring differences, recording change: the Karbis of Assam Vol 4
260 _aGuwahati
_bNorth Eastern Social Research Centre
_c2017
300 _axiv,311
440 _a4
650 _arecording
650 _aKarbis
650 _aExploring
650 _adifferences
650 _achange
650 _aAssam
690 _aSocial Groups
700 _aTERSON (Dharamsing)
906 _a073769
999 _c123544
_d123544